LEADER 02055nam 2200433 n 450 001 996391591403316 005 20221108074148.0 035 $a(CKB)1000000000660078 035 $a(EEBO)2240884746 035 $a(UnM)99841594 035 $a(EXLCZ)991000000000660078 100 $a19910409d1584 uy | 101 0 $aeng 135 $aurbn||||a|bb| 200 12$aA booke of Christian exercise$b[electronic resource] $eappertaining to resolution, that is, shewing how that we should resolve our selves to become Christians indeed: by R.P. Perused, and accompanied now with a treatise tending to pacification: by Edm. Bunny 210 $aImprinted at London $cBy N. Newton, and A. Hatfield, for Iohn Wight$d1584 215 $a[24], 412, [4], 126 p 300 $aR.P. = Robert Parsons. 300 $aA Protestant adaptation, by Edmund Bunny, of: Parsons, Robert. The first booke of the Christian exercise. Parsons' work was revised and enlarged in 1585 as: A Christian directory. 300 $aIncludes separate title page, without date, reading: A treatise tending to pacification: by laboring those that are our adversaries in the cause of religion, to receiue the gospel, and to join with us in profession therof. By Edm. Bunny. 300 $aWith separate signatures and pagination. 300 $aSome print faded and show-through; some pages marked and stained. 300 $aReproduction of the original in the British Library. 330 $aeebo-0018 606 $aChristian life$xProtestant authors$vEarly works to 1800 606 $aSpiritual exercises$vEarly works to 1800 615 0$aChristian life$xProtestant authors 615 0$aSpiritual exercises 701 $aBunny$b Edmund$f1540-1619.$01002895 701 $aBunny$b Edmund$f1540-1619.$01002895 701 $aParsons$b Robert$f1546-1610.$0138049 801 0$bCu-RivES 801 1$bCu-RivES 801 2$bCStRLIN 801 2$bWaOLN 906 $aBOOK 912 $a996391591403316 996 $aA booke of Christian exercise$92328987 997 $aUNISA